Star Wars Planets and Moons by Movie - Episode IX - Statistics

General Stats
  • This quiz has been taken 59 times
  • The average score is 5 of 11
Answer Stats
Answer % Correct
Exegol
76%
Tatooine
66%
Kijimi
58%
Endor
53%
Pasaana
53%
Ahch-To
47%
Ajan Kloss
34%
Jakku
32%
Mustafar
32%
Kef Bir
29%
Bespin
26%
No matching quizzes found
Score Distribution
Percent of People with Each Score
Percentile by Number Answered
Your Score History
You have not taken this quiz